00856cam a2200241 a 4500999001500000001000600015003000900021005001700030008004100047020001600088020001800104040003800122082002000160100002600180245007000206260003800276300004000314504005100354600004800405650003100453942001200484952011800496 c3342d334210775BD-DhUAP20210131094642.0200303s1998 bg abf b f000 0 eng  a8130901595  a9788130901596 aBD-DhUAPcBD-DhUAPdBD-DhUAPbEng a750.216 TAG223 aTagore, Rabindranath. aMy pictures : ba collection of paintings /cRabindranath Tagore. aNew Delhi : bViva Books,cc2005. a73 pages :billustrations ;c29 cm. aIncludes bibliographical references and index. aTagore, Rabindranath -- Malerei -- Bildband aPainting, Indic -- India.  2ddccBK 00102ddc4070aUAPCLbUAPCLcGeneral Stacksd2020-03-03o750.216 TAGp3010010775r2020-03-03t1w2020-03-03yBK